| 000 | 00491nam a2200145 i 4500 | ||
|---|---|---|---|
| 001 | 81464 | ||
| 003 | ES-MaACL | ||
| 005 | 20230906174436.0 | ||
| 007 | t| | ||
| 008 | 041104s1918 sp ||||1| spa d | ||
| 100 | 1 |
_aHuarte y Echenique, Amalio. _964475 |
|
| 245 | 1 | 0 |
_aDon Fernando Pimentel _b: maestrescuela de la Iglesia de Salamanca / _cAmalio Huarte y Echenique. |
| 260 |
_aMadrid : _b[s.n., _c1918] ( _fTip. de la Revista de Archivos, Bibliotecas y Museos) |
||
| 852 |
_aES-MaACL _j1557-F-18 |
||
| 999 |
_c81464 _d81464 |
||